000 00358nam a2200145Ia 4500
008 240624s9999 xx 000 0 und d
041 _aeng
082 _a658.5 RUS
100 _aRUSSELL ROBERTA S
245 _aOPERATIONS MANAGEMENT
250 _a(7th ed.)
260 _c2014
_aNew Delhi
_bWiley
300 _axvii, : 810 : p. : cm. ; 25
365 _cRS
_b33
999 _c25335
_d25335